000
00249nam a2200109Ia 4500
008
200302s9999 xx 000 0 und d
100
_a
Bridget Cherry
245
_a
London 3: North West
260
_b
Penguin Group
260
_c
2001
300
_a
804 P
999
_c
4748
_d
4748